000 00873nam a2200301 a 4500
008
020 _a047154891X (pbk.)
029 1 _aUKM
_bb9323619
035 _bH130
040 _aDLC
_cNUST
_dUKM
049 _aMAIN
090 _aQA76.76.W56
100 1 _aHeiny, Loren.
245 1 0 _aWindows graphics programming with Borland C++ /
_cLoren Heiny.
260 _aNew York :
_bWiley,
_cc1992.
300 _axvi, 474 p. :
_bill. ;
_c24 cm.
500 _a"A Coriolis Group book."
500 _aIncludes index.
630 0 0 _aMicrosoft Windows (Computer file).
650 0 _aC++ (Computer program language).
630 0 0 _aBorland C++.
630 0 0 _aObjectWindows.
650 0 _aComputer graphics.
907 _a.b10000483
_b26-09-03
_c17-04-03
003
005 20230123133428.0
942 _cBOOKS
_kQA76.76.W56
999 _c148432
_d148432